000 00687nam a2200217Ia 4500
003 GCL
008 140319s9999 xx 000 0 ara d
040 _aGCL /
_cGCL
082 0 4 _a258.54
_bص ا
100 1 _aصبحى عبدالحميد محمد عبدالكريم
245 1 0 _aابن تيميةوالقراءات /
_cصبحى عبدالحميد محمد عبدالكريم
260 _a[S.N] :
_bمطبعة الامانة ،
_c1986
300 _a206 ص
490 _a
650 0 4 _aالاسلام
650 0 4 _aالفقه الاسلامى
650 0 4 _aالديانات
650 0 4 _aالمذاهب الفقهية
650 0 4 _aفقه ابن تيمية
942 _2ddc
_cBK
999 _c29263
_d29263